01443nam a22002297a 450000500170000000800410001702000180005804000070007604100120008308200230009510000270011824500470014526000230019230000220021536500530023752006540029065000200094470000350096494200120099999900190101195201830103020260128100559.0240131b ||||| |||| 00| 0 eng d a9789360458072 cAL aEnglish 223a820.3301bKAIM aJayant Kaikini9252901 aMithun number two and other Mumbai stories aChennaibEkac2024 a256pbHBc21x13cm a7428b₹479.00c₹d₹599.00e20%f26-01-2024 aThese are stories tinged with melancholy but lit with hope, capturing moments of transcendence in the midst of anonymity and routine. Young men migrate to Mumbai looking for work or a more exciting life, while others, women and men, young and old, make the journey for different reasons. In this city that rules the dreams of people up and down the coast, strangers become friends, families negotiate strife and affection, and children grow up in homes where the lines between coercion and care are blurred. Delightfully unexpected and deceptively simple, Jayant Kaikini's stories in this deft translation by Tejaswini Niranjana are unforgettable.  aFiction9149377 aNiranjana Tejaswini Tr9149379 2ddccBK c229702d229702 00102ddc40708ENGaALbALd2024-01-29eBiblios Book Point Surathkal Mangalore 575014g479.00l1o820.3301 KAIMp077063r2025-06-30 09:56:55s2025-06-23v599.00w2024-01-31yBK